Institutionelle Arrangements für die Zuweisung von Opportunitätskosten
Gespeichert in:
| 1. Verfasser: | |
|---|---|
| Format: | Buch |
| Sprache: | Deutsch |
| Veröffentlicht: |
Kiel
Institut für Weltwirtschaft
1996
|
| Ausgabe: | 1. Aufl. |
| Schriftenreihe: | Kieler Arbeitspapier
Nr. 719 |
| Schlagworte: | |
| Tags: |
Keine Tags, Fügen Sie das erste Tag hinzu!
|
MARC
| LEADER | 00000nam a2200000 4500 | ||
|---|---|---|---|
| 001 | c014222 | ||
| 005 | 20221214071201.9 | ||
| 041 | 0 | |a ger | |
| 044 | |a DE | ||
| 245 | 1 | 0 | |a Institutionelle Arrangements für die Zuweisung von Opportunitätskosten |c Horst Siebert |
| 250 | |a 1. Aufl. | ||
| 264 | 1 | |a Kiel |b Institut für Weltwirtschaft |c 1996 | |
| 300 | |a 27 s. | ||
| 490 | 1 | |a Kieler Arbeitspapier |v Nr. 719 | |
| 830 | 0 | |a Kieler Arbeitspapier |v Nr. 719 | |
| 610 | 2 | 0 | |a právo vlastnícke |
| 610 | 2 | 0 | |a náklady |
| 610 | 2 | 0 | |a trh |
| 610 | 2 | 0 | |a politika |
| 610 | 2 | 0 | |a rozhodovanie |
| 610 | 2 | 0 | |a hospodárstvo otvorené |
| 100 | 1 | |a Siebert, Horst | |